000 02036cam a22003375a 4500
001 L159499
008 170803s2017 xxk f 000 0 eng d
020 _a9871900915878
035 _a(Sirsi) u159499
041 _aeng
050 _a690.241
110 _aCathedral Communications Limited
_93087
245 _aHeritage retrofit
_bolder buildings and sustainability
_h[electronic resource]
260 _aTisbury, Wilts.
_bCathedral Communications Limited
_c2017
300 _a52p.
_bill.
_c30cm.
350 _a5.95
490 _aBuilding Conservation Directory Special Report
505 2 _aHeritage and sustainability -- Retrofit in heritage buildings: understanding the risks -- The easy wins: a strategic approach to improving energy efficiency in traditional homes -- Sustainability standards and regulations -- EPCs at clovelly -- Radical retrofit at Trinity College, Cambridge -- Internally insulated solid walls: the spab building performance survey -- Indoor air quality and ventilation in traditional building retrofit -- Home and dry: developing a non-hydraulic setting air lime for the insulation and repair of traditional buildings -- Insulation in timber-framed buildings -- Yakisugi charred timber: an ancient technique in new hands -- Heating national trust properties -- Useful contacts -- Products & services -- Events -- Index of advertiser.
520 _aHighlights the opportunities for retrofitting historic and traditionally constructed buildings to meet the requirements of modern users and climate change, while avoiding the pitfalls.
650 _aHERITAGE PROPERTY
650 _aHISTORIC BUILDINGS
650 2 4 _aRETROFITTING
650 2 4 _aINSULATION
650 2 4 _aHEATING
651 4 _aENGLAND AND WALES
690 _aSustainability
_96271
690 _aConservation and restoration
700 _aTaylor, Jonathan
_xEditor
856 4 1 _uhttps://www.buildingconservation.com/books/heritage-retrofit.htm
_zView this document free of charge at www.buidingconservation.com
942 _n0
_2ddc
999 _c115958
_d115958